Development of an integrated flood management strategy for Surma river system from system and community lens (Record no. 45665)

000 -LEADER
fixed length control field 00519nam a22001697a 4500
001 - CONTROL NUMBER
control field 45665
003 - CONTROL NUMBER IDENTIFIER
control field BD-DhUET
008 - FIXED-LENGTH DATA ELEMENTS--GENERAL INFORMATION
fixed length control field 250802b xxu||||| |||| 00| 0 eng d
040 ## - CATALOGING SOURCE
Transcribing agency 0
Modifying agency BD-DhUET
100 ## - MAIN ENTRY--PERSONAL NAME
Personal name Noshin Saiyara
245 ## - TITLE STATEMENT
Title Development of an integrated flood management strategy for Surma river system from system and community lens
260 ## - PUBLICATION, DISTRIBUTION, ETC. (IMPRINT)
Place of publication, distribution, etc. Dhaka
Name of publisher, distributor, etc. Institute of Water and Flood Management, BUET
Date of publication, distribution, etc. 2025
300 ## - PHYSICAL DESCRIPTION
Extent xi, 125 p.
501 ## - WITH NOTE
With note One CD-ROM
504 ## - BIBLIOGRAPHY, ETC. NOTE
Bibliography, etc Includes bibliographies
942 ## - ADDED ENTRY ELEMENTS (KOHA)
Koha item type Thesis
Holdings
Location (home branch) Date acquired Sublocation or collection (holding branch) Damaged status Source of classification or shelving scheme Not for loan Piece designation (barcode) Koha item type Koha date last seen Shelving location Lost status Price effective from Withdrawn status
Central Library, BUET2026-04-21Central Library, BUET   121029Thesis2026-04-26Acquisition section 2026-04-26